000 00680cam a22002173a 4500
001 37722
003 PGUSA
005 20140828083828.0
008 111011s2011||||xxu|||||s|||||000 | eng d
040 _aPGUSA
_beng
042 _adc
100 1 _aSivachandra, Vasu
245 1 4 _aThe Hindoos as they Are :
_bA Description of the Manners, Customs and the Inner Life of Hindoo Society in Bengal
_h[electronic resource] /
_cVasu Sivachandra
260 _bProject Gutenberg,
_c2011
506 _aPublic domain in the USA.
516 _aElectronic text
653 _aHinduism
830 0 _aProject Gutenberg
_v37722
856 4 0 _uhttp://www.gutenberg.org/ebooks/37722
942 _cEB
999 _c266976
_d266976